Critique of pure reason (Record no. 7043)
[ view plain ]
| 000 -LEADER | |
|---|---|
| fixed length control field | 00825 a2200265 4500 |
| 020 ## - INTERNATIONAL STANDARD BOOK NUMBER | |
| International Standard Book Number | 0521657296 |
| 020 ## - INTERNATIONAL STANDARD BOOK NUMBER | |
| International Standard Book Number | 0521657296 |
| 020 ## - INTERNATIONAL STANDARD BOOK NUMBER | |
| International Standard Book Number | 0-521-35402-1 (inb.) |
| 035 ## - SYSTEM CONTROL NUMBER | |
| System control number | (DLC) 97002959 |
| 040 ## - CATALOGING SOURCE | |
| Original cataloging agency | DLC |
| Language of cataloging | DLC |
| 082 00 - DEWEY DECIMAL CLASSIFICATION NUMBER | |
| Classification number | 121 |
| 100 1# - MAIN ENTRY--PERSONAL NAME | |
| Personal name | Kant, Immanuel, |
| 245 10 - TITLE STATEMENT | |
| Title | Critique of pure reason |
| Statement of responsibility, etc. | Paul Guyer, Allen W. Wood |
| 260 ## - PUBLICATION, DISTRIBUTION, ETC. | |
| Place of publication, distribution, etc. | Cambridge : |
| Name of publisher, distributor, etc. | Cambridge University Press, |
| Date of publication, distribution, etc. | 1998 |
| 300 ## - PHYSICAL DESCRIPTION | |
| Extent | xi, 785 s. ; |
| Dimensions | 23 cm |
| 490 1# - SERIES STATEMENT | |
| Series statement | The Cambridge edition of the works of Immanuel Kant |
| 500 ## - GENERAL NOTE | |
| General note | Ķen med tryck岬 12 tr., 2007 |
| 650 #0 - SUBJECT ADDED ENTRY--TOPICAL TERM | |
| Topical term or geographic name entry element | Knowledge, Theory of. |
| 650 #0 - SUBJECT ADDED ENTRY--TOPICAL TERM | |
| Topical term or geographic name entry element | Causation. |
| 650 #0 - SUBJECT ADDED ENTRY--TOPICAL TERM | |
| Topical term or geographic name entry element | Reason. |
| 700 1# - ADDED ENTRY--PERSONAL NAME | |
| Personal name | Guyer, Paul, |
| Dates associated with a name | 1948- |
| Relator code | trl |
| 700 1# - ADDED ENTRY--PERSONAL NAME | |
| Personal name | Wood, Allen W. |
| Relator code | trl |
| 856 41 - ELECTRONIC LOCATION AND ACCESS | |
| Materials specified | Table of contents |
| Uniform Resource Identifier | <a href="http://www.loc.gov/catdir/toc/cam025/97002959.html">http://www.loc.gov/catdir/toc/cam025/97002959.html</a> |
| 942 ## - ADDED ENTRY ELEMENTS (KOHA) | |
| Koha item type | Book |
| Call number prefix | 121 KAN |
| Source of classification or shelving scheme | |
| Withdrawn status | Lost status | Damaged status | Not for loan | Collection code | Permanent Location | Current Location | Shelving location | Date acquired | Source of acquisition | Cost, normal purchase price | Total Checkouts | Total Renewals | Full call number | Barcode | Checked out | Date last seen | Date last checked out | Price effective from | Koha item type |
|---|---|---|---|---|---|---|---|---|---|---|---|---|---|---|---|---|---|---|---|
| Central Library (CL) | Central Library (CL) | General Stacks | 10/30/2006 | Progressive International Agencies | 1936.06 | 11 | 8 | 121 KAN | SEECS007663 | 03/15/2026 | 02/13/2026 | 02/13/2026 | 01/05/2017 | Book |
